000 01210cam a22003617a 4500
999 _c571
_d571
001 15159798
003 GZU
005 20200907150255.0
008 080129s2007 enk b 001 0 eng
010 _a 2008295885
015 _aGBA755620
_2bnb
016 7 _a013795169
_2Uk
020 _a9780567030405 (hbk.)
020 _a0567030407 (hbk.)
020 _a9780567032546 (pbk.)
020 _a056703254X (pbk.)
035 _a(OCoLC)ocn156830882
040 _aUKM
_cUKM
_dBTCTA
_dBAKER
_dYDXCP
_dUPP
_dC#P
_dCDX
_dDLC
042 _alccopycat
043 _aa-is---
050 0 0 _aDS111
_b.G73 2007
082 0 4 _a933
_222
100 1 _aGrabbe, Lester L.
245 1 0 _aAncient Israel :
_bwhat do we know and how do we know it? /
_cby Lester L. Grabbe.
260 _aLondon ;
_aNew York :
_bT & T Clark,
_cc2007.
300 _axx, 306 p. ;
_c24 cm.
504 _aIncludes bibliographical references (p. 227-281) and indexes.
651 0 _aPalestine
_xHistory
_yTo 70 A.D.
651 0 _aPalestine
_xAntiquities.
906 _a7
_bcbc
_ccopycat
_d2
_encip
_f20
_gy-gencatlg
942 _2lcc
_cBK
_h111
_iGRA
_kDS
_m2007